| 000 | 00687cam a2200229 a 4500 | ||
|---|---|---|---|
| 001 | 000009825 | ||
| 005 | 20200929161723.0 | ||
| 008 | 920831s1984 sp 000 0 cat d | ||
| 010 | _a92208137 | ||
| 020 | _z8375880177 | ||
| 040 |
_aDO-SdBNP _cNN _dDLC |
||
| 042 | _alccopycat | ||
| 050 | 0 | 0 |
_aPC3941.M3323 _bA6 1984 |
| 100 | 1 |
_aMarti i Pol, Miquel, _d1929-2003. _924737 |
|
| 240 | 1 | 0 |
_aPoems. _kSelections |
| 245 | 1 | 0 |
_aAntologia poetica / _cMiquel Marti i Pol ; tria i proleg de Ricard Torrents. |
| 250 | _a2a ed. | ||
| 260 |
_aBarcelona : _bEdicions Proa, _c1984. |
||
| 300 |
_a179 p. ; _c18 cm. |
||
| 490 | 0 |
_aEls Llibres de l'Ossa Menor ; _v119 |
|
| 910 | _aCatalogación derivada | ||
| 999 |
_c9584 _d9584 |
||